Bài tập thủy lực chọn lọc /

保存先:
書誌詳細
第一著者: Phùng Văn Khương
その他の著者: Phạm Văn Vĩnh
フォーマット: 図書
言語:Vietnamese
出版事項: H. : Giáo dục , 1999
版:In lần thứ 1
主題:
タグ: タグ追加
タグなし, このレコードへの初めてのタグを付けませんか!
Thư viện lưu trữ: Thư viện Trường CĐ Kỹ Thuật Cao Thắng
LEADER 00880nam a2200265 a 4500
001 TVCDKTCT773
003 Thư viện trường Cao đẳng Kỹ thuật Cao Thắng
005 20170530104425.7
008 050803
980 \ \ |a Thư viện Trường CĐ Kỹ Thuật Cao Thắng 
024 |a RG_1 #1 eb0 i1 
041 0 # |a vie 
082 # # |a 621.2 /   |b PH513KH-b 
100 1 # |a Phùng Văn Khương 
245 0 0 |a Bài tập thủy lực chọn lọc /   |c Phùng Văn Khương, Phạm Văn Vĩnh 
250 # # |a In lần thứ 1 
260 # # |a H. :   |b Giáo dục ,   |c 1999 
300 # # |a 131tr. ;   |c 27 cm 
650 # 4 |a Động lực học--Tĩnh học--Động học 
650 # 4 |a Thủy lực 
700 0 # |a Phạm Văn Vĩnh 
721 # # |a CNKT Cơ khí 
721 # # |a CNKT Điện 
721 # # |a CNKT Ô tô 
841 # # |b Kho Sách   |j 100002460